Detalles MARC
| 000 -LIDER |
| fixed length control field |
01526nam a2200289 4500 |
| 001 - NÚMERO DE CONTROL |
| Identificador de número de control |
000007860 |
| 003 - IDENTIFICACDOR DE NÚMERO DE CONTROL |
| control field |
DO-SdBNP |
| 005 - DATE AND TIME OF LATEST TRANSACTION |
| control field |
20180307095143.0 |
| 007 - CAMPOS FIJOS DE DESCRIPCIÓN FÍSICA |
| fixed length control field |
000007860 |
| 008 - ELEMENTOS DE LONGITUD FIJA |
| fixed length control field |
160517b 2013 dr a ||||| |||| 00| 0 spa d |
| 020 ## - ISBN |
| International Standard Book Number |
9789945472288 |
| 040 ## - FUENTE DE CATALOGACIÓN |
| Agencia que crea de manera original el registro |
BPMSU |
| Idioma de catalogación |
spa |
| Agencia que realiza la transcripción |
BPMSU |
| 082 ## - NÚMERO DE CLASIFICACIÓN DECIMAL DE DEWEY |
| Classification number |
378.54 |
| Item number |
M539q 2013 |
| 100 1# - ASIENTO PRINCIPAL -- NOMBRE PERSONAL |
| Nombre personal |
Mendoza de Cid, Carmen Leticia |
| 245 1# - MENCIÓN DE TITULO |
| Título |
Química : |
| Subtítulo |
prácticas de laboratorio / |
| Mención de responsabilidad |
Carmen Leticia Mendoza de Cid |
| 250 ## - MENCIÓN DE EDICION |
| Mención de edición |
2a. ed. |
| 260 ## - PUBLICACIÓN, DISTRIBUCIÓN, ETC. (PIE DE IMPRENTA) |
| Lugar de publicación, distribución, etc |
Santo Domingo : |
| Nombre del editor, distribuidor, etc. |
INTEC, |
| Fecha de publicación, distribución, etc |
2013. |
| 300 ## - DESCRIPCIÓN FÍSICA |
| Extensión |
vii, 66 p. : |
| Otros detalles físicos |
il. ; |
| Dimensiones |
28 cm. |
| 505 0# - NOTA DE CONTENIDO |
| Título |
Medidas de peso y volumen -- |
| -- |
Densidad de líquidos y sólidos -- |
| -- |
Calor especifico -- |
| -- |
Los fenómenos químicos -- |
| -- |
Reacciones de ácidos y metales -- |
| -- |
Composición porcentual de un hidrato -- |
| -- |
Ley de Proust -- |
| -- |
Calculo de la formula empírica de un compuesto -- |
| -- |
Ley de Lavoisier -- |
| -- |
Cálculo del peso atómico de un metal desconocido -- |
| -- |
Volumen molar de un gas -- |
| -- |
Soluciones y solubilidad -- |
| -- |
Titulación ácido base -- |
| -- |
Velocidad de reacción -- |
| -- |
Constante de equilibrio, Ke -- |
| -- |
Aguas duras y blandas -- |
| -- |
El pH y las soluciones reguladoras -- |
| -- |
Calor de reacción -- |
| -- |
Oxidación-reducción : números de oxidación -- |
| -- |
Reacciones Redox -- |
| 650 #4 - ENCABEZAMIENTO DE MATERIA--TEMÁTICO |
| Término temático o nombre geográfico como elemento de entrada |
QUÍMICA |
| Subdivisión temática general |
ENSEÑANZA SUPERIOR |
| 650 #4 - ENCABEZAMIENTO DE MATERIA--TEMÁTICO |
| Término temático o nombre geográfico como elemento de entrada |
QUÍMICA |
| Subdivisión temática general |
EDUCACIÓN SUPERIOR |
| 650 #4 - ENCABEZAMIENTO DE MATERIA--TEMÁTICO |
| Término temático o nombre geográfico como elemento de entrada |
QUÍMICA |
| Subdivisión temática general |
ESTUDIOS Y EJERCICIOS |
| 650 #4 - ENCABEZAMIENTO DE MATERIA--TEMÁTICO |
| Término temático o nombre geográfico como elemento de entrada |
QUÍMICA |
| Subdivisión temática general |
MANUALES DE LABORATORIO |
| 910 ## - VALIDACIÓN |
| Validación |
Validado. Control de calidad MFF |
| 942 ## - ADDED ENTRY ELEMENTS (KOHA) |
| Source of classification or shelving scheme |
Dewey Decimal Classification |
| Koha item type |
Libros |
| 945 ## - INFORMACIÓN DE PROCESAMIENTO LOCAL |
| Información de procesamiento local |
inventariado, 2018 / dg |